An illustrated guide to the stick and leaf insects of Peninsular Malaysia and Singapore

Bibliographic Details
Main Author: SEOW-CHOEN
Format: Book
Published: Kota Kinabalu, Sabah : Natural History Pub. , 2000
Subjects:

MARC

LEADER 00000cam a2200000 7i4500
001 0000002007
005 20020731.0
020 0 0 |a 9838120294 
090 0 0 |a 595.729   |b SEO 2000 
100 1 0 |a SEOW-CHOEN   |h Francis 
245 1 3 |a An illustrated guide to the stick and leaf insects of Peninsular Malaysia and Singapore   |c Francis Seow-Choen with illustrations by the author 
260 0 0 |a Kota Kinabalu, Sabah :   |b Natural History Pub. ,   |c 2000 
300 |a v, 173 p. :   |b ill. ;   |c 26 cm. 
500 0 0 |a Bibliography : p. 166-168 and index 
650 0 0 |a Phasmidae   |z Peninsular Malaysia 
650 0 0 |a Phasmidae   |z Singapore 
650 0 0 |a Stick insects   |z Peninsular Malaysia 
650 0 0 |a Stick insects   |z Singapore 
998 |a JPSM 
999 |a 0000003340   |b Monograph   |c Open Shelf   |e Default branch